MARC

LEADER 00000naa0a2200000 4500
001 654258
005 20250910163039.0
035 |a (RuTPU)RU\TPU\network\19814 
035 |a RU\TPU\network\18828 
090 |a 654258 
100 |a 20170419d2016 k||y0rusy50 ba 
101 0 |a eng 
102 |a RU 
135 |a drcn ---uucaa 
181 0 |a i  
182 0 |a b 
200 1 |a Catalytic Properties of Sulfur-containing Compounds on the Gold Nanoparticles Surface  |f D. O. Perevezentseva [et al.] 
203 |a Text  |c electronic 
300 |a Title screen 
320 |a [References: p. 222 (3 tit.)] 
463 1 |t Mechanisms of Catalytic Reactions  |o X International Conference (MCR-X), Svetlogorsk, Kaliningrad Region, Russia, October 2-6, 2016 : abstracts  |f Russian Academy of Sciences (RAS), Siberian Branch (SB), Boreskov Institute of Catalysis (BIC) ; ed. V. I. Bukhtiyarov  |v [P. 221-222]  |d 2016 
610 1 |a электронный ресурс 
610 1 |a труды учёных ТПУ 
610 1 |a серосодержащие соединения 
610 1 |a золото 
610 1 |a наночастицы 
610 1 |a каталитические свойства 
701 1 |a Perevezentseva  |b D. O.  |c Chemist  |c Associate Professor of Tomsk Polytechnic University, Candidate of chemical sciences  |f 1979-  |g Dariya Olegovna  |3 (RuTPU)RU\TPU\pers\33799  |9 17397 
701 1 |a Gorchakov  |b E. V.  |g Eduard Vladimirovich 
701 1 |a Petrushin  |b M. S.  |g Maksim Sergeevich 
701 1 |a Khisamutdinov  |b I. S.  |g Iliya Sergeevich 
712 0 2 |a Национальный исследовательский Томский политехнический университет (ТПУ)  |b Институт физики высоких технологий (ИФВТ)  |b Кафедра общей химии и химической технологии (ОХХТ)  |3 (RuTPU)RU\TPU\col\21253 
801 1 |a RU  |b 63413507  |c 20141010 
801 2 |a RU  |b 63413507  |c 20170419  |g RCR 
856 4 |u http://www.catalysis.ru/resources/institute/Publishing/Report/2016/Abstracts-MCR-X_2016.pdf#page=222 
942 |c CF